Επιλογή από το έργο του

Αποθηκεύτηκε σε:
Λεπτομέρειες βιβλιογραφικής εγγραφής
Κύριος συγγραφέας: Τριανταφυλλίδης Μανόλης Α., 1883-1959
Συγγραφή απο Οργανισμό/Αρχή: Αριστοτέλειο Πανεπιστήμιο Θεσσαλονίκης Ινστιτούτο Νεοελληνικών Σπουδών Ίδρυμα Μανόλη Τριανταφυλλίδη
Άλλοι συγγραφείς: Κοκόλης, Ξενοφών Α., 1939-2012 (Επιμελητής έκδοσης)
Μορφή: Βιβλίο
Γλώσσα:Greek
Δημοσίευση: Θεσσαλονίκη : Αριστοτέλειο Πανεπιστήμιο Θεσσαλονίκης, Ινστιτούτο Νεοελληνικών Σπουδών, Ιδρυμα Μανόλη Τριανταφυλλίδη, 1982
Θέματα:
Ετικέτες: Προσθήκη ετικέτας
Δεν υπάρχουν, Καταχωρήστε ετικέτα πρώτοι!

MARC

LEADER 00000cam a2200000 i 4500
001 1/99234
008 950327s1982 gr | ||| |||| ||gre||
035 |l 10011227 
040 |a GR-MY-UA  |b gre  |e aacr 
041 0 |a gre 
100 1 |a Τριανταφυλλίδης Μανόλης Α.,   |d 1883-1959. 
110 2 |a Αριστοτέλειο Πανεπιστήμιο Θεσσαλονίκης  |b Ινστιτούτο Νεοελληνικών Σπουδών  |b Ίδρυμα Μανόλη Τριανταφυλλίδη. 
245 1 0 |a Επιλογή από το έργο του /  |c Μανόλης Τριανταφυλλίδης ; Επιμέλεια Ξ. Α. Κοκόλης 
260 |a Θεσσαλονίκη :   |b Αριστοτέλειο Πανεπιστήμιο Θεσσαλονίκης, Ινστιτούτο Νεοελληνικών Σπουδών, Ιδρυμα Μανόλη Τριανταφυλλίδη,   |c 1982 
300 |a 343 σ.  |b πιν. 
600 1 0 |a Τριανταφυλλίδης Μανόλης Α.,   |d 1883-1959. 
650 0 0 |a Linguistics  |z Greece. 
700 1 |4 edt  |a Κοκόλης, Ξενοφών Α.,   |d 1939-2012. 
852 |a INST  |b LESVOS  |e 19950327  |h 489.3 ΤΡΙ  |p 005100002020  |q 005100002020  |t BK  |y 0 
909 |a Λ  |b 036880 
922 |a 1ΔΩΡ  |b 199411  |c TKA